Valuation of fixed income financial instruments on inactive markets – an example of Slovak government bonds
Gespeichert in:
| 1. Verfasser: | |
|---|---|
| Format: | Buchkapitel |
| Sprache: | Englisch |
| Schlagworte: | |
| Tags: |
Keine Tags, Fügen Sie das erste Tag hinzu!
|
MARC
| LEADER | 00000nla$a2200000$$$4500 | ||
|---|---|---|---|
| 001 | 0226513 | ||
| 005 | 20240502073727.7 | ||
| 041 | 0 | |a eng | |
| 044 | |a SK | ||
| 245 | 1 | 0 | |a Valuation of fixed income financial instruments on inactive markets – an example of Slovak government bonds |c Michal Jurčík |
| 610 | 2 | 0 | |a dlhopisy štátne |
| 610 | 2 | 0 | |a Slovensko |
| 610 | 2 | 0 | |a oceňovanie |
| 610 | 2 | 0 | |a hodnota |
| 610 | 2 | 0 | |a ceny ponukové |
| 610 | 2 | 0 | |a technika |
| 100 | 1 | |a Jurčík, Michal, 1983- | |